|
|
|
|
| LEADER |
01049nam a2200205 a 4500 |
| 003 |
GR-PaULI |
| 005 |
20210323183041.0 |
| 008 |
190904s1984 gr a f b||| 001 0 gre d |
| 952 |
|
|
|0 0
|1 0
|2 ddc
|4 0
|6 882_010000000000000_ΧΟΥ
|7 0
|9 234792
|a LISA
|b LISA
|c BSC
|d 2019-09-04
|i 4141
|l 0
|o 882.01 ΧΟΥ
|p 025000263598
|r 2019-09-04 00:00:00
|t 1
|w 2019-09-04
|y BK15
|
| 999 |
|
|
|c 142327
|d 142327
|
| 040 |
|
|
|a GR-PaULI
|b gre
|c GR-PaULI
|d GR-AiPI
|e AACR2
|
| 082 |
0 |
4 |
|a 882.01
|2 23
|
| 100 |
1 |
|
|a Χουρμουζιάδης, Νίκος Χ.
|d 1930-
|e συγγραφέας.
|9 53920
|
| 245 |
1 |
0 |
|a Όροι και μετασχηματισμοί στην αρχαία ελληνική τραγωδία /
|c Νίκος Χ. Χουρμουζιάδης.
|
| 260 |
|
|
|a Αθήνα :
|b Γνώση,
|c 1984.
|
| 300 |
|
|
|a 261 σ. :
|b εικ. ;
|c 21 εκ.
|
| 504 |
|
|
|6 Περιλαμβάνει βιβλιογραφικές αναφορές (σ. [235]-237) και ευρετήριο.
|
| 650 |
|
4 |
|9 554
|a Ελληνικό δράμα (Τραγωδία)
|
| 942 |
|
|
|2 ddc
|c BK15
|
| 998 |
|
|
|b ΜΙΧΟΣΤΑΥΡΟΥ
|d 2019-09
|